| 000 | 00794nam a2200253 a 4500 | ||
|---|---|---|---|
| 008 | |||
| 020 | _a0750606274 (pbk.) | ||
| 049 | _aMAIN | ||
| 090 | _aNA680COR | ||
| 100 | 0 | _aLe Corbusier. | |
| 240 | 1 | 0 | _aVers une architecture. |
| 245 | 1 | 0 |
_aTowards a new architecture / _cby Le Corbusier. |
| 260 |
_aOxford : _bBetterworth Architecture, _cc1989. |
||
| 300 |
_axix, 289 p. : _bill. ; _c24 cm. |
||
| 500 | _aTranslated from the thirteenth French edition and with an introduction by Frederick Etchells. | ||
| 650 | 0 | _aArchitecture. | |
| 650 | 0 |
_aFunctionalism _xarchitecture |
|
| 700 | _aEtchells, Frederick. | ||
| 907 |
_a.b10061344 _b15-01-07 _c17-04-03 |
||
| 003 | |||
| 005 | 20230123133616.0 | ||
| 040 | _cNUST | ||
| 942 |
_cBOOKS _kNA680COR |
||
| 999 |
_c151543 _d151543 |
||